Science Quiz

Random Science Quiz

Fathers of the Sciences Quiz Stats

 Plays Quiz not verified by Sporcle

Also try: Largest Organisms
Challenge
Share
Tweet
Embed
Score 0/15 Timer 05:00
0 Plays Today
Science Person(s) % Correct
Evolution & Natural selection Charles Darwin
82.4%
Genetics Gregor Mendel
64.7%
CalculusIsaac Newton, Gottfried Leibniz
61.8%
GeometryEuclid
61.8%
BacteriologyRobert Koch, Ferdinand Cohn, Louis Pasteur
47.1%
BiologyAristotle
35.3%
Modern astronomy Nicolaus Copernicus
29.4%
Computer scienceGeorge Boole, Alan Turing
26.5%
Science Person(s) % Correct
TaxonomyCarolus Linnaeus
26.5%
Modern MedicineHippocrates
20.6%
Nuclear physics Ernest Rutherford
17.6%
Nuclear science Marie Curie, Pierre Curie
14.7%
Modern physics Galileo Galilei
11.8%
Number theory Pythagoras
8.8%
TrigonometryHipparchus
5.9%

You're not logged in!

Compare scores with friends on all Sporcle quizzes.
Join for Free
OR
Log In

You Might Also Like...

Show Comments

Extras

Created Feb 13, 2011SourceReportNominate
Tags:father, person, reason

Top Quizzes Today


Score Distribution

Your Account Isn't Verified!

In order to create a playlist on Sporcle, you need to verify the email address you used during registration. Go to your Sporcle Settings to finish the process.

Report this User

Report this user for behavior that violates our Community Guidelines.

Details: